• 首页
  • 本馆介绍
  • 公告通知
  • 最新文献
  • 馆藏检索
  • 电子资源
  • 读者导购
  • 参考咨询
  • 我的图书馆
  • 登录
  • 详细信息显示
  • 放入我的书架
  • 预约/预借图书
  • 作者相关作品
  • 分类相关作品
  • 丛书相关作品
  • 出版社相关作品

书目信息

  • 表格格式
  • 工作单格式
  • 卡片格式
题名:
高情商表达
    
 
作者: 肖祥银 著
分册:  
出版信息: 天津   天津人民出版社  2021.3
页数: 181页
开本: 21cm
丛书名:
单 册:
中图分类: H0-49
科图分类:
主题词: 语言表达--yu yan biao da--通俗读物
电子资源:
ISBN: 978-7-201-17094-7
000 00797nam0 2200229 450
001 2159562985
005 20211011172912.0
010    @a978-7-201-17094-7@dCNY42.00
100    @a20210513d2021 em y0chiy0120 ea
101 0  @achi
102    @aCN@b120000
105    @ay z 000yy
106    @ar
200 1  @a高情商表达@Agao qing shang biao da@f肖祥银著
210    @a天津@c天津人民出版社@d2021.3
215    @a181页@d21cm
330    @a本书教你高情商表达的技巧,让你在与人沟通的时候说好礼貌话、社交话、幽默话、赞美话、批评话、拒绝话、说服话、分寸话,不犯他人的忌讳,避免陷入谈话的禁区,让你成为社交圈中的交际达人。
606 0  @a语言表达@Ayu yan biao da@j通俗读物
690    @aH0-49@v5
701  0 @a肖祥银@Axiao xiang yin@4著
801  0 @aCN@b百万庄@c20211011
905    @b1308944-47@dH0-49@e306@f4
    
    高情商表达/肖祥银著.-天津:天津人民出版社,2021.3
    181页;21cm
    
    
    ISBN 978-7-201-17094-7:CNY42.00
    本书教你高情商表达的技巧,让你在与人沟通的时候说好礼貌话、社交话、幽默话、赞美话、批评话、拒绝话、说服话、分寸话,不犯他人的忌讳,避免陷入谈话的禁区,让你成为社交圈中的交际达人。
●
相关链接 在E读中查询图书 在五车中查询图书 在当当中查询图书 在豆瓣中查询图书


正题名:高情商表达     索取号:H0-49/306         预约/预借

序号 登录号 条形码 馆藏地/架位号 状态 备注
1 1308944   213089441   第二样本阅览室/ [索取号:H0-49/306] 在馆    
2 1308945   213089450   第四借阅区/ [索取号:H0-49/306] 在馆    
3 1308946   213089469   第四借阅区/ [索取号:H0-49/306] 在馆    
4 1308947   213089478   第四借阅区/ [索取号:H0-49/306] 在馆    
唐山师范学院图书馆 欢迎您!
大连网信软件有限公司© 版权所有